| 000 | 00619nam a2200181Ia 4500 | ||
|---|---|---|---|
| 008 | 090201s9999 xx 000 0 und d | ||
| 010 | _aKPL-64438 | ||
| 040 | _bमराठी | ||
| 041 | _aमराठी | ||
| 082 |
_a32530 _b64438 |
||
| 100 | _aप्रमोद वडनेरकर | ||
| 245 |
_aकुरुक्षेत्र काश्मिर _cप्रमोद वडनेरकर |
||
| 250 | _a1 | ||
| 260 |
_c2002 _bइंद्रायणी प्रकाशन |
||
| 300 |
_a208 _bमोठा |
||
| 600 | _aकुरुक्षेत्र काश्मिर | ||
| 942 | _cBOOK | ||
| 999 |
_c230853 _d230853 |
||